The future of pakistan / (Record no. 14852)

000 -LEADER
fixed length control field 03502nam a2200289 a 4500
001 - CONTROL NUMBER
control field ASIN019807977X
003 - CONTROL NUMBER IDENTIFIER
control field OSt
005 - DATE AND TIME OF LATEST TRANSACTION
control field 20170105102905.0
008 - FIXED-LENGTH DATA ELEMENTS--GENERAL INFORMATION
fixed length control field 131022s2012 xxu eng d
020 ## - INTERNATIONAL STANDARD BOOK NUMBER
International Standard Book Number 019807977X (hardcover)
Terms of availability $55.99
020 ## - INTERNATIONAL STANDARD BOOK NUMBER
International Standard Book Number 9780198079774 (hardcover)
040 ## - CATALOGING SOURCE
Original cataloging agency a
050 04 - LIBRARY OF CONGRESS CALL NUMBER
Classification number DS389
082 04 - DEWEY DECIMAL CLASSIFICATION NUMBER
Classification number 303.495491
Author Mark FUT 2012
245 04 - TITLE STATEMENT
Title The future of pakistan /
Statement of responsibility, etc. Sephen P. Cohen [et al].
260 ## - PUBLICATION, DISTRIBUTION, ETC.
Place of publication, distribution, etc. [S.l.] :
Name of publisher, distributor, etc. Oxford University Press,
Date of publication, distribution, etc. 2012.
300 ## - PHYSICAL DESCRIPTION
Extent 311 p. ;
Dimensions 25 cm.
520 ## - SUMMARY, ETC.
Summary, etc. With each passing day, Pakistan becomes an even more crucial player in world affairs. Home of the world's second-largest Muslim population, epicenter of the global jihad, location of perhaps the planet's most dangerous borderlands, and armed with nuclear weapons, this South Asian nation will go a long way toward determining what the world looks like ten years from now. The Future of Pakistan presents and evaluates several scenarios for how the country will develop, evolve, and act in the near future, as well as the geopolitical implications of each. Led by renowned South Asia expert Stephen P. Cohen, a team of authoritative contributors looks at several pieces of the Pakistan puzzle. The book begins with Cohen's broad yet detailed overview of Pakistan, placing it within the context of current-day geopolitics and international economics. Cohen's piece is then followed by a number of shorter, more tightly focused essays addressing more specific issues of concern. Cohen's fellow contributors hail from America, Europe, India, and Pakistan itself, giving the book a uniquely international and comparative perspective. They address critical factors such as the role and impact of radical groups and militants, developments in specific key regions such as Punjab and the rugged frontier with Afghanistan, and the influence of —and interactions with —India, Pakistan's archrival since birth. The book also breaks down relations with other international powers such as China and the United States. The all-important military and internal security apparatus come under scrutiny, as do rapidly morphing social and gender issues. Political and party developments are examined along with the often amorphous division of power between Islamabad and the nation's regions and local powers. Uncertainty about Pakistan's trajectory persists. The Future of Pakistan helps us understand the current circumstances, the relevant actors and their motivation, the critical issues at hand, the different outcomes they might produce, and what it all means for Pakistanis, Indians, the United States, and the entire world. Praise for the work of Stephen P. Cohen The Idea of Pakistan : "The intellectual power and rare insight with which Cohen breaks through the complexity of the subject rivals that of classics that have explained other societies posting a comparable challenge to understanding." — Middle East Journal India: Emerging Power : "In light of the events of September 11, 2001, Cohen's perceptive, insightful, and balanced account of emergent India will be essential reading for U.S. foreign policymakers, scholars, and informed citizens." — Choice.
650 #0 - SUBJECT ADDED ENTRY--TOPICAL TERM
Topical term or geographic name entry element Civil-military relations
650 #0 - SUBJECT ADDED ENTRY--TOPICAL TERM
Topical term or geographic name entry element Internal security
650 #0 - SUBJECT ADDED ENTRY--TOPICAL TERM
Topical term or geographic name entry element International relations
650 #0 - SUBJECT ADDED ENTRY--TOPICAL TERM
Topical term or geographic name entry element Pakistan
650 #0 - SUBJECT ADDED ENTRY--TOPICAL TERM
Topical term or geographic name entry element Political science
650 #0 - SUBJECT ADDED ENTRY--TOPICAL TERM
Topical term or geographic name entry element Social history
856 40 - ELECTRONIC LOCATION AND ACCESS
Materials specified Amazon.com
Uniform Resource Identifier <a href="http://www.amazon.com/exec/obidos/ASIN/019807977X/chopaconline-20">http://www.amazon.com/exec/obidos/ASIN/019807977X/chopaconline-20</a>
942 ## - ADDED ENTRY ELEMENTS (KOHA)
Source of classification or shelving scheme
Koha item type Book
Holdings
Withdrawn status Lost status Damaged status Not for loan Permanent Location Current Location Date acquired Total Checkouts Full call number Barcode Date last seen Price effective from Koha item type
        Centre for International Peace & Stability (CIPS) Centre for International Peace & Stability (CIPS) 10/22/2013   303.495491 FUT 2012 CIPS0001703 10/22/2013 10/22/2013 Book
© 2023 Central Library, National University of Sciences and Technology. All Rights Reserved.